00394nam a2200157Ia 4500003000400000008004100004040001600045082001300061100001500074245004500089260003000134300001000164490002500174650001500199650002200214GCL140319s9999 xx 000 0 eng d aGCL / cGCL04a843bS I1 aSUYIN, HAN10aS'IL NE RESTE QUE L'AMOUR / cSUYIN, HAN a[S.N] : bSTOCK ، c1986 a191 P aLE LIVRE DE POCHEv004aLITERATURE04aFRENCH LITERATURE